English Football League (EFL) Trophy Finalists - Statistics

General Stats
  • This quiz has been taken 729 times
    506 since last reset
  • The average score is 34 of 48
Answer Stats
Finalists % Correct
Portsmouth
89%
Sunderland
89%
Plymouth Argyle
88%
Bristol City
85%
Bristol Rovers
85%
Peterborough United
85%
Bolton Wanderers
84%
Swansea City
82%
Rotherham United
81%
Birmingham City
80%
Luton Town
80%
Oxford United
80%
Wrexham
79%
Southampton
78%
Blackpool
75%
Carlisle United
75%
Coventry City
75%
Lincoln City
75%
Bournemouth
74%
Hull City
73%
Swindon Town
73%
Barnsley
72%
Huddersfield Town
72%
Wycombe Wanderers
72%
Stoke City
71%
Cambridge United
70%
Milton Keynes Dons
70%
Port Vale
70%
Stockport County
70%
Burnley
69%
Tranmere Rovers
69%
Doncaster Rovers
68%
Wigan Athletic
68%
Brentford
67%
Wolverhampton Wanderers
67%
Millwall
64%
Colchester United
63%
Grimsby Town
63%
Chesterfield
62%
Mansfield Town
62%
Walsall
62%
Crewe Alexandra
57%
Scunthorpe United
57%
Shrewsbury Town
57%
Southend United
57%
Salford City
56%
Torquay United
44%
Sutton United
41%
No matching quizzes found
Score Distribution
Percent of People with Each Score
Percentile by Number Answered
Your Score History
You have not taken this quiz since the last reset